Sigplan notices <a> monthly publication of the special interest group on programming languages
Saved in:
| Format: | Serial |
|---|---|
| Language: | English |
| Published: |
New York
Association for computing machinery
1984
|
| Tags: |
No Tags, Be the first to tag this record!
|
MARC
| LEADER | 00000nas2a2200000 4500 | ||
|---|---|---|---|
| 001 | s109341 | ||
| 005 | 20250730114202.2 | ||
| 041 | 0 | |a eng | |
| 044 | |a US | ||
| 245 | 1 | 0 | |a Sigplan notices |b <a> monthly publication of the special interest group on programming languages |
| 264 | 1 | |a New York |b Association for computing machinery |c 1984 | |
| 300 | |a 2 zv. | ||